000 00690cam a22002531a 4500
001 sa 65009620
003 DLC
005 20260227112203.0
008 900105m19639999ii b 000 0 hino
010 _asa 65009620
035 _a(OCoLC)20851024
040 _aDLC
_cWaU
_dWU
_dDLC
042 _apremarc
050 0 0 _aP112
_b.S3
100 1 _aSingh, R. L.,
_d1918-
245 1 0 _aBhāshā-darśana /
_cl̄ekhaka Rāmalāl Singh.
250 _a1st ed.
260 _aVārānāsī :
_bVidyā Mandir,
_c[1963-
300 _av.
_c23 cm.
500 _aIn Hindi.
504 _aIncludes bibliographical references.
650 0 _aLanguage and languages.
650 0 _aHindi language
_xHistory.
999 _c66309
_d66309